00782nam a2200181Ia 4500001001000000003000500010008004100015010001100056040000900067100004000076245021900116260003400335300001000369502010600379650004300485650002200528710005000550Para_8895CHAP220125s2004 xx 000 0 und d a207647 cCHAP aHenández López, José Reynaldo aEvaluación del factor de resistencia de Haematobia irritans L. a insecticidas organofosforados y piretroides en dos unidades de producción lechera, en Chapingo, México /c por Jose Reynaldo Henández López aChapingo, Méx. :b el autor a41 h. aTesis (Ing. Agr. Esp. en Parasitología Agrícola) -- UACh. Departamento Parasitología Agrícola aInsectos x resistencia a insecticidas aMosca del cuerno  aUACh. Departamento Parasitología Agrícola